[Krysztof Kwiatkowski: Wojska zakonu niemieckiego w Prusach

Titel: [Krysztof Kwiatkowski: Wojska zakonu niemieckiego w Prusach : 1230-1525] / Alexander Baranov
Verfasser:
In: Preußenland, Band 8 (2017), Seite 215-217
alle Artikel anzeigen
Veröffentlicht: 2017 [2018]
Format: Aufsatz
Sprache: Deutsch
Schlagworte:
Kein Bild verfügbar
X
alg: 43223732
001A    $03025:01-06-18 
001B    $01999:27-07-21 $t17:20:38.000 
001C    $03025:01-06-18 $t12:17:51.000 
001D    $03025:01-06-18 
001U    $0utf8 
001X    $00 
002@    $0Aou 
002C    $aText $btxt $2rdacontent 
002D    $aohne Hilfsmittel zu benutzen $bn $2rdamedia 
002E    $aBand $bnc $2rdacarrier 
003@    $0432237321 
007A    $0432237321 $aHEB 
010@    $ager 
010E    $erda 
011@    $a2017 $n2017 [2018] 
013D    $#Newspapers Sections, columns, etc. Reviews $#Book reviewing $#Journaux Cahiers, chroniques, etc. Comptes rendus $#Livres Recension $#Rezension $#Buchbesprechung $#Buchrezension $#Buchkritik $74049712-4 $8Rezension [Ts1] $9085138568 
021A    $a[Krysztof Kwiatkowski: Wojska zakonu niemieckiego w Prusach $d1230-1525] $hAlexander Baranov 
028A    $BVerfasser $4aut $7 $8Baranov, Alexander [Tnu] $9426825659 
031A    $d8 $h215-217 $j2017 
039B    $aEnthalten in $8--Abvc--. Preußenland. - Osnabrück : Fibre-Verl., 1963-. - ISSN 0032-7972 $x201700000080000785 $9047115017 
039T    $aRezension von $8--Aau--Kwiatkowski, Krzysztof$Z1982- [Tp3]. Wojska zakonu niemieckiego w Prusach. - Toruń : Wydawnictow Naukowe Uniwersytetu Mikołaja Kopernika, 2016. - 674 Seiten. - Illustrationen (überwiegend farbig), Karten. - ISBN 978-83-231-3483-1 $9370941918 
045F    $a900.94382 $eDDC23BSB 
045F/01 $a900 
045F/03 $g4382 
045F/03 $g43832 
045T    $a8,1 

lok: 43223732 78

exp: 43223732 78 1 #EPN
201B/01 $007-07-21 $t16:44:16.000 
201C/01 $001-06-18 
201U/01 $0utf8 
203@/01 $01022921797 
208@/01 $a01-06-18 $be 
209A/01 $a/ $f000 $x00 
209A/01 $ab*p $x01 
220C/01 $akoe 
244Z/01 $#Preußen $#Preußen $#Brandenburg-Preußen $#Königreich Preußen $#Preußische Staaten $#Preußischer Staat $#Der @Preußische Staat $#Königlich Preußische Staaten $#Prusy Królewskie $#Königlich Preußen $#Prussia $74047194-9 $8--Tg1--Preußen $x11 $9085131652 
244Z/01 $#Westpreußen $#Königlich-Preußen $#Polnisch-Preußen $#Königliches Preußen $74079244-4 $8--Tg1--Westpreußen $x17 $908522510X 
244Z/01 $#Ostpreußen $#Ostpreußen $#Provinz Ostpreußen $74075754-7 $8--Tg1--Ostpreußen $x19 $9085214493 
247C/01 $82080>Marburg/Lahn, Herder-Institut, Forschungsbibliothek, Bibliographieportal $9336309341
LEADER 00000caa a2200000 c 4500
001 432237321
003 DE-603
005 20210727172038.0
007 tu
008 180601s2017 xx |||| | u00||u|ger c
035 |a (DE-599)HEB432237321 
040 |a DE-603  |b ger  |c DE-603  |d DE-603  |e rda 
041 |a ger 
082 0 4 |8 1\u  |a 900.94382  |q DE-101  |2 23/BSB 
084 |a 8,1  |2 ssgn 
085 |8 1\u  |b 900 
085 |8 1\u  |z 2  |s 4382 
085 |8 1\u  |z 2  |s 43832 
100 1 |a Baranov, Alexander  |e Verfasser  |4 aut  |0 (DE-603)426825659 
245 0 0 |a [Krysztof Kwiatkowski: Wojska zakonu niemieckiego w Prusach  |b 1230-1525]  |c Alexander Baranov 
264 0 |c 2017 [2018] 
336 |a Text  |b txt  |2 rdacontent 
337 |a ohne Hilfsmittel zu benutzen  |b n  |2 rdamedia 
338 |a Band  |b nc  |2 rdacarrier 
655 7 |a Rezension  |2 gnd-content  |0 (DE-588)4049712-4  |0 (DE-603)085138568 
773 0 8 |i Enthalten in  |t Preußenland  |d Osnabrück : Fibre-Verl., 1963-  |h 24 cm  |x 0032-7972  |g Band 8 (2017), Seite 215-217  |w (DE-603)047115017  |w (DE-600)123737-8 
787 0 8 |i Rezension von  |a Kwiatkowski, Krzysztof, 1982-  |t Wojska zakonu niemieckiego w Prusach  |d Toruń : Wydawnictow Naukowe Uniwersytetu Mikołaja Kopernika, 2016  |h 674 Seiten, Illustrationen (überwiegend farbig), Karten  |z 9788323134831  |w (DE-603)370941918 
924 0 |9 2080  |a (DE-603)1022921797  |b DE-2080  |c HES  |d d  |g /